| 000 | 00379nam a22001457a 4500 | ||
|---|---|---|---|
| 003 | MACL | ||
| 005 | 20200128155843.0 | ||
| 008 | 200128b xxu||||| |||| 00| 0 eng d | ||
| 040 | _cMACL | ||
| 100 |
_aNayar, Pramod K _95184 |
||
| 245 | _aA Short History English Literature | ||
| 260 |
_a Delhi _bAmity University Press _c2018 |
||
| 650 |
_aLiterature _977933 |
||
| 942 |
_2ddc _cBK |
||
| 999 |
_c61877 _d61877 |
||